Normal view
MARC view
- Sprague & Phillips
Entry Personal Name
001 - CONTROL NUMBER
- control field: 36784
003 - CONTROL NUMBER IDENTIFIER
- control field: NUST
005 - DATE AND TIME OF LATEST TRANSACTION
- control field: 20210314130109.0
008 - FIXED-LENGTH DATA ELEMENTS
- fixed length control field: 210314|| aca||aabn | a|a d
040 ## - CATALOGING SOURCE
- Original cataloging agency: NUST
- Transcribing agency: NUST
100 ## - HEADING--PERSONAL NAME
- Personal name: Sprague & Phillips
670 ## - SOURCE DATA FOUND
- Source citation: Work cat.: (NUST): Sprague & Phillips , Microsoft Visual Basic 6.0 :, 2000.
